Statistics for Oceanian Capitals

Click here to take the quiz!

General Stats

  • This quiz has been taken 758 times
  • The average score is 9 of 14

Answer Stats

HintAnswer% Correct
AustraliaCanberra
100%
New ZealandWellington
93%
Papua New GuineaPort Moresby
78%
FijiSuva
78%
SamoaApia
69%
VanuatuPort Vila
64%
NauruYaren
61%
TongaNuku'Alofa
58%
MicronesiaPalikir
58%
TuvaluFunafuti
57%
Solomon IslandsHoniara
56%
Marshall IslandsMajuro
54%
KiribatiSouth Tarawa
51%
PalauMelekeok
25%

Score Distribution

Percentile by Number Answered

Percent of People with Each Score

Your Score History

You have not taken this quiz